Basic grammar (Record no. 9938)

MARC details
000 -LEADER
fixed length control field 00446nam a22001457a 4500
005 - DATE AND TIME OF LATEST TRANSACTION
control field 20091109120638.0
008 - FIXED-LENGTH DATA ELEMENTS--GENERAL INFORMATION
fixed length control field 091109t xxu||||| |||| 00| 0 eng d
080 ## - UNIVERSAL DECIMAL CLASSIFICATION NUMBER
Universal Decimal Classification number 802.0-5
Item number GOR
100 ## - MAIN ENTRY--PERSONAL NAME
Personal name Gordon, Gerald
245 ## - TITLE STATEMENT
Title Basic grammar
260 ## - PUBLICATION, DISTRIBUTION, ETC. (IMPRINT)
Place of publication, distribution, etc New York
Name of publisher, distributor, etc Self taught
Date of publication, distribution, etc 1961
300 ## - PHYSICAL DESCRIPTION
Extent 187p.
942 ## - ADDED ENTRY ELEMENTS (KOHA)
item type Reference
260 ## - PUBLICATION, DISTRIBUTION, ETC. (IMPRINT)
-- 9384
Holdings
Lost status Source of classification or shelving scheme Not for loan Home library Current library Date acquired Total Checkouts Full call number Barcode Date last seen Price effective from Koha item type
  Universal Decimal Classification   University Library University Library 09/11/2009   802.0-5 GOR G0000296 09/11/2009 09/11/2009 Reference
University Library, CUSAT